00412nam a2200145Ia 4500008004100000020001500041041001200056082001100068100001600079245010200095260003300197300000800230650001200238700001600250221030s9999 xx 000 0 und d a8126506466 aEnglish a105.23 aJ. S. Young 0aIcon Steve Jobs : The Greatest Second Act in the History of Businesscby J. S. Young, W. L. Simon bWiley IndiaaNew Delhic2007 a359 aGeneral aW. L. Simon